000 00993cam a2200301 a 4500
001 2138
005 20231108074251.0
020 _a9780142408629
020 _a9780545044646
040 _aDLC
_cDLC
_dDLC
_beng
050 0 0 _aPZ7.A54385
_bFi 2007
082 0 0 _a813.6
_222
100 1 _aAnderson, Laurie Halse
245 1 0 _aFight for life /
_cLaurie Halse Anderson
250 _aThis edition first printing, January 2008
260 _aNew York :
_bScholastic,
_c2007
300 _a135 pages :
_c20 cm
490 0 _aVet volunteers ;
_v1
505 _aK
520 _aWith the help of her veterinarian grandmother and the other volunteers at the Wild at Heart Animal Clinic, eleven-year-old Maggie rescues sick puppies from an illegal puppy mill.
521 1 _a510
_bLexile
521 1 _aK
_bRaz-Plus
650 1 _aDogs
_vFiction.
650 1 _aVeterinarians
_vFiction.
650 1 _aAnimal rescue
_vFiction.
906 _a7
_bcbc
_corignew
_d1
_eecip
_f20
_gy-gencatlg
942 _2ddc
_cBK
_n0
999 _c2138
_d2138